000 00372nam a22001577a 4500
003 OSt
020 _a9788131502426
082 _a657.42
_bVAN/CO
100 _aVanderbeck
245 _aPrinciples of Cost Accounting
250 _a1st
260 _aNew Delhi
_bThomson South Western
_c2007
650 _aCost Accounting System
700 _aVanderbeck
942 _2ddc
_cBK
999 _c189160
_d189160